| 000 | 00532nam a2200181Ia 4500 | ||
|---|---|---|---|
| 008 | 090201s9999 xx 000 0 und d | ||
| 010 | _aKPL-64575 | ||
| 040 | _bमराठी | ||
| 041 | _aमराठी | ||
| 082 |
_a33140 _b64575 |
||
| 100 | _aशिरीष कणेकर | ||
| 245 |
_aलगाव बत्ती _cशिरीष कणेकर |
||
| 260 |
_c2004 _bदिलीप प्रकाशन |
||
| 300 | _a376 | ||
| 300 | _bमोठा | ||
| 600 | _aलगाव बत्ती | ||
| 942 | _cBOOK | ||
| 999 |
_c231408 _d231408 |
||